000 00308nam a22001337a 4500
008 181012b xxu||||| |||| 00| 0 eng d
020 _a2901451187662
041 _aeng
080 _24th
_a610.73
100 _a1
101 _aINF
245 _aDrug Therapy in Nursing
_cAschenbrenner,D.S
942 _2udc
_cBK
999 _c49554
_d49554